000
00298nam a22001337a 4500
008
210311b ||||| |||| 00| 0 eng d
041
_a
eng
080
_a
616.8-006
082
_a
616.8-006
100
_a
6
101
_a
KAN
245
_a
Living Beyond Breast Cancer
_c
Weiss,M.C
942
_2
udc
_c
BK
999
_c
56334
_d
56334